| 000 | 01090nam0a22002651 4500 | ||
|---|---|---|---|
| 001 | rc\3633564 | ||
| 005 | 20260407144634.0 | ||
| 021 |
_aRU _bРг796-70 |
||
| 021 |
_aRU _b69-82334 |
||
| 035 | _a(NLR Aleph) 007724663 | ||
| 090 |
_a6989575 _c6989575 |
||
| 100 | _a20130115d1969 |||y0rusy50 ca | ||
| 101 | 0 | _arus | |
| 102 | _aRU | ||
| 105 | _aa z ||||| | ||
| 200 | 1 |
_aМетодика проверки соблюдения стандартов на продовольственно-фуражное зерно _eПроект _fКом. стандартов, мер и измерит. приборов при Совете Министров СССР. Всесоюз. науч.-исслед. ин-т стандартизации (ВНИИС) |
|
| 210 |
_aМосква _cБ. и. _d1969 |
||
| 215 |
_a21 с., 1 л. табл. _d20 |
||
| 309 | _aОтпеч. множит. аппаратом | ||
| 712 | 0 | 2 |
_aВНИИ стандартизации _3RU\NLR\AUTH\8810020283 _9538563 |
| 801 | 0 |
_aRU _bNLR _gpsbo |
|
| 801 | 1 |
_aRU _bELAR _2rusmarc |
|
| 852 |
_aNLR _j69-4/28134 |
||
| 942 | _cBOOK | ||
| 980 | _aNB | ||